Name the college football players by picture - Statistics

General Stats
  • This quiz has been taken 252 times
  • The average score is 9 of 16
Answer Stats
Picture Answer % Correct
Cam Newton
99%
Tim Tebow
98%
JJ Watt
90%
Vince Young
79%
Ed Reed
72%
Joe Flacco
64%
Leonard Fournette
64%
Davante Adams
51%
Larry Fitzgerald
48%
Khalil Mack
47%
Luke Kuechly
47%
Tyrod Taylor
45%
Philip Rivers
43%
Julius Peppers
37%
AJ Green
33%
Jamison Crowder
10%
No matching quizzes found
Score Distribution
Percent of People with Each Score
Percentile by Number Answered
Your Score History
You have not taken this quiz